| 000 | 03562nam a2200457 a 4500 | ||
|---|---|---|---|
| 003 | CHAP | ||
| 005 | 20241007110755.0 | ||
| 007 | cr ||||||a|c|a | ||
| 008 | 101112s2010 mx r 00010 spa d | ||
| 035 | _a111440 | ||
| 040 | _cCHAP | ||
| 090 | _aTesis | ||
| 100 | 1 |
_aZárate Martínez, Alicia. _9124115 |
|
| 245 | 1 | 0 |
_aAnálisis de la vegetación en el hábitat de la tortuga del bolsón (Gopherus flavomarginatus Legler) _c/por Alicia Zárate Martínez; director de tesis Heriberto Ramírez Carballo. |
| 264 | 1 |
_aBermejillo, Dgo. : _bEl autor, _c2010. |
|
| 300 |
_a1 recurso en línea (92 páginas): _bcuadros, figuras. |
||
| 336 |
_2rdacontent _atexto _btxt |
||
| 337 |
_2rdamedia _acomputadora _bc |
||
| 338 |
_2rdacarrier _arecursos en línea _bcr |
||
| 502 |
_bISA _cURUZA _d2010. _gLIC |
||
| 520 | _aEn la Reserva de la Biosfera Mapimí se analizó la cobertura vegetal en 4 cuadrantes de 100 hectáreas con presencia de tortuga del bolsón para determinar la relación de las madrigueras activas con la estructura de la vegetación y las plantas pertenecientes a la dieta de la especie. Con el apoyo de 7-10 personas se llevó a cabo un barrido del cuadrante para obtener el número aproximado de madrigueras activas y plantas presentes en un diámetro de 3 metros. Mediante el uso de la metodología de Korb y Fulé (2008), se realizó un muestreo sistemático de 30 líneas para obtener los datos de vegetación. En cada línea se trazaron áreas de utilización (AU) de 5 ha, de acuerdo al ámbito hogareño de la especie. En las AU´s se obtuvieron las madrigueras activas, porcentajes de estrato arbustivo y herbáceo. Se realizaron correlaciones de Pearson y análisis de frecuencias. Los resultados mostraron que en tres cuadrantes las madrigueras activas disminuyeron cuando las coberturas arbustivas son mayores al 10, 15 y 20%. Un cuadrante presentó tendencia de madrigueras activas con el estrato herbáceo. Otro no mostró ningún tipo de relación. De acuerdo con lo anterior la actividad que se desarrolla en las madrigueras no está definida por la presencia de las plantas pertenecientes a su dieta ubicadas en la cercanía de sus madrigueras y/o en el ámbito hogareño, pero el tipo de estructura vegetal si puede llegar a definirla. Se presentaron correlaciones con hierbas no registradas en la alimentación de la tortuga. Se deben conservar los arbustos presentes por su importancia ecológica, pero evitar su aumento. Conservar los pastizales cercanos a las madrigueras ya que de allí obtienen la mayor parte de su alimento y brindan las condiciones para que crezcan hierbas y pastos anuales, especies muy apetecibles por las tortugas | ||
| 590 |
_aALEPH _b10 _c20130110 |
||
| 590 |
_aBATCH-UPD _b10 _c20130110 |
||
| 590 |
_aBATCH-UPD _b10 _c20130410 |
||
| 590 |
_aBATCH-UPD _b10 _c20130914 |
||
| 590 |
_aBATCH-UPD _b10 _c20140324 |
||
| 590 |
_aBATCH-UPD _b10 _c20141002 |
||
| 590 |
_aCONVERSION _b10 _c20130109 |
||
| 650 | 1 | 4 |
_aEcología vegetal. _935188 |
| 650 | 1 | 4 |
_aHabitat _xConservación. _952148 |
| 650 | 1 | 4 |
_aReserva de la Biósfera de Mapimí, Dgo. _996093 |
| 650 | 1 | 4 |
_aTortuga. _9114332 |
| 700 | 1 |
_aRamírez Carballo, Heriberto _993912 _eDirector de tesis. |
|
| 856 |
_uhttp://10.13.5.2/tesis/111440.pdf _zDESCARGAR PDF |
||
| 901 | _aBK | ||
| 942 |
_cTD _2Clasificación Universidad Autónoma Chapingo |
||
| 949 |
_aTesis _bBC _cTES _d33724002220405 _eTS2 _fc.2 _gDonaciØn _h51407 _i111440 _sb |
||
| 949 |
_aTesis _bBC _cTES _d33724002220439 _eTS1 _gDonaciØn _h51406 _i111440 _sb |
||
| 999 |
_c99782 _d99782 |
||